Normal view
MARC view
- Badhe Anita S - 2k141098; Prof.Vikas Deshpande - Guide & [Company Name] - Sharekhan LTD
Entry Personal Name
001 - CONTROL NUMBER
- control field: 103733
003 - CONTROL NUMBER IDENTIFIER
- control field: OSt
005 - DATE AND TIME OF LATEST TRANSACTION
- control field: 20221007220649.0
008 - FIXED-LENGTH DATA ELEMENTS
- fixed length control field: 221007|| aca||aabn | a|a d
040 ## - CATALOGING SOURCE
- Original cataloging agency: OSt
- Transcribing agency: OSt
100 ## - HEADING--PERSONAL NAME
- Personal name: Badhe Anita S - 2k141098; Prof.Vikas Deshpande - Guide & [Company Name] - Sharekhan LTD
670 ## - SOURCE DATA FOUND
- Source citation: Work cat.: (OSt)75056: Badhe Anita S - 2k141098; Prof.Vikas Deshpande - Guide & [Company Name] - Sharekhan LTD., Study of an Equity Research at Sharekhan LTD., Sep-15